West End Musicals - Statistics

General Stats
  • This quiz has been taken 171 times
  • The average score is 21 of 40
Answer Stats
Hint Answer % Correct
Winner Takes It All Mamma Mia
98%
Hakuna Matata The Lion King
93%
Let It Go Frozen
92%
For Good Wicked
86%
The Story of Tonight Hamilton
83%
We Both Reached For The Gun Chicago
81%
Summer Nights Grease
80%
When I Grow Up Matilda
80%
Master of the House Les Miserables
78%
A New Argentina Evita
74%
Candy Store Heathers
74%
Willkommen Cabaret
69%
Masquerade Phantom of the Opera
65%
She Used to Be Mine Waitress
65%
Without Love Hairspray
61%
No Way SIX
61%
Take Me or Leave Me RENT
58%
Wait For Me Hadestown
57%
If I Were a Rich Man Fiddler on the Roof
54%
I Believe Book of Mormon
53%
Luck Be a Lady Guys & Dolls
53%
The Ballard of Farquaad Shrek
48%
I Hope I Get It A Chorus Line
46%
Oh, What A Beautiful Morning Oklahoma
44%
Come What May Moulin Rouge
42%
Good For You Dear Evan Hansen
40%
No Place Like London Sweeney Todd: The Demon Barber of Fleet Street
34%
God, I Hate Shakespeare Something Rotten
31%
And You Don't Even Know It Everybody's Talking About Jamie
27%
Me And The Sky Come From Away
25%
It's Only a Matter of Time Back to the Future
24%
I'd Give My Life For You Miss Saigon
24%
Tell Me It's Not True Blood Brothers
23%
Too Darn Hot Kiss Me Kate
22%
Raise Your Voice Sister Act
20%
Raise a Little Hell Bonnie & Clyde
19%
Hold Me In Your Heart Kinky Boots
18%
Put on Your Sunday Clothes Hello Dolly
16%
Don't Do Sadness/Blue Wind Spring Awakening
16%
Let Me Entertain You Gypsy
14%
No matching quizzes found
Score Distribution
Percent of People with Each Score
Percentile by Number Answered
Your Score History
You have not taken this quiz